KOHA-Header-6

Salt and Saffron (Record no. 7561)

000 -LEADER
fixed length control field 00248nam a2200121Ia 4500
020 ## - INTERNATIONAL STANDARD BOOK NUMBER
ISBN 9780195794489
082 ## - DEWEY DECIMAL CLASSIFICATION NUMBER
Classification number 823
Item number 1475
100 ## - MAIN ENTRY--AUTHOR NAME
Personal name Kamila Shamsie
245 #0 - TITLE STATEMENT
Title Salt and Saffron
260 ## - PUBLICATION, DISTRIBUTION, ETC. (IMPRINT)
Place of publication UK
Name of publisher Addision
Year of publication 2000
300 ## - PHYSICAL DESCRIPTION
Number of Pages 246
942 ## - ADDED ENTRY ELEMENTS (KOHA)
Koha item type English Literature
Holdings
Withdrawn status Lost status Permanent Location Current Location Shelving location Date acquired Full call number Accession Number Koha item type
    MAJU MAJU Shelf No.A14 2019-09-12 823.8 1475 English Literature

Powered by Koha